Statistics for Ace Venture Quotes Quiz

Click here to take the quiz!

General Stats

  • This quiz has been taken 859 times
    (857 since last reset)
  • The average score is 4 of 6

Answer Stats

CharacterQuotesAnswer% Correct
Ace VenturaAll righty ____then
98%
Ace VenturaIf I'm not back in five minutes... just ____ longerwait
92%
Ace VenturaDo ___ go in there. Woo!not
89%
Ray FinkleIt was Marino's fault. The _____ were inlaces
66%
Ace VenturaI'm in Psychoville and _______'s the mayor!Finkel
48%
Ace VenturaGee, let me think. Um, ____sure
40%

Score Distribution

Percentile by Number Answered

Percent of People with Each Score

Your Score History

You have not taken this quiz since the last reset